IV Международный форум "Минерально-сырьевые ресурсы стран СНГ", Санкт-Петербург. Симпозиум "Горное оборудование, переработка минерального сырья, новыые технологии, экология" (Запись № 27329)

Подробности
000 -МАРКЕР
контрольное поле 02349nam0a2200337 4500
001 - ИДЕНТИФИКАТОР ЗАПИСИ
контрольное поле RU\NLR\bibl\8750
005 - ИДЕНТИФИКАТОР ВЕРСИИ
контрольное поле 20260407015339.0
035 ## - ДРУГИЕ СИСТЕМНЫЕ НОМЕРА
Идентификатор записи (NLR Aleph) 000008550
100 ## - ДАННЫЕ ОБЩЕЙ ОБРАБОТКИ
Данные общей обработки 19981127d1998 |||y0rusy50 ca
101 0# - ЯЗЫК РЕСУРСА
Язык текста, звукозаписи и т.д. русский
-- английский
102 ## - СТРАНА ПУБЛИКАЦИИ ИЛИ ПРОИЗВОДСТВА
Страна публикации Российская Федерация
105 ## - ПОЛЕ КОДИРОВАННЫХ ДАННЫХ: ТЕКСТОВЫЕ МАТЕРИАЛЫ, МОНОГРАФИЧЕСКИЕ
Кодированные данные о монографическом текстовом документе |||||||||||||
200 1# - ЗАГЛАВИЕ И СВЕДЕНИЯ ОБ ОТВЕТСТВЕННОСТИ
Основное заглавие IV Международный форум "Минерально-сырьевые ресурсы стран СНГ", Санкт-Петербург. Симпозиум "Горное оборудование, переработка минерального сырья, новыые технологии, экология"
Параллельное заглавие IV International Forum "Mineral Resources of CIS States", St.Petersburg, 1996. Symposium "Mining equipment, processing of mineral raw materials, new technInternational Forum "Mineral Resources of CIS States" St.Petersburg. ologies, ecology" - ETER-96, 29 окт.-2 нояб. 1996 года
Сведения, относящиеся к заглавию Тез. докл.
Язык параллельного заглавия английский
210 ## - ПУБЛИКАЦИЯ, РАСПРОСТРАНЕНИЕ И ДР.
Место издания, распространения и т.д. [СПб.]
Имя издателя, распространителя и т. д. Б.и.
Дата издания, распространения и т.д. [1998]
215 ## - ФИЗИЧЕСКАЯ ХАРАКТЕРИСТИКА
Специфическое обозначение материала и объем 152 с.
Размеры 29
225 1# - СЕРИЯ
Основное заглавие серии Минерально-сырьевые ресурсы стран СНГ
Параллельное заглавие серии Mineral Resources of CIS States
300 ## - ОБЩИЕ ПРИМЕЧАНИЯ
Текст примечания Часть текста на англ. яз.
510 1# - ПАРАЛЛЕЛЬНОЕ ЗАГЛАВИЕ
Связь между полями z01791
Параллельное заглавие IV International Forum "Mineral Resources of CIS States" St.Petersburg. Symposium "Mining equipment, processing of mineral raw materials, new technologies, ecology" - ETER-96
Язык заглавия английский
606 0# - НАИМЕНОВАНИЕ ТЕМЫ КАК ПРЕДМЕТ
Наименование темы Горное дело
Формальный подзаголовок Съезды, совещания и т.п.
Системный номер авторитетной/нормативной записи 1143947
Идентификатор авторитетной/нормативной записи RU\NLR\auth\66137278
686 ## - ИНДЕКСЫ ДРУГИХ КЛАССИФИКАЦИЙ
Индекс И.я431
710 12 - НАИМЕНОВАНИЕ ОРГАНИЗАЦИИ - ПЕРВИЧНАЯ ОТВЕТСТВЕННОСТЬ
Код отношения Автор
Начальный элемент ввода "Минерально-сырьевые ресурсы стран СНГ", международный форум
Порядковый номер временной организации и / или порядковый номер ее части 4
Дата проведения временной организации 1996
Место проведения временной организации Санкт-Петербург
Идентификатор авторитетной/нормативной записи RU\NLR\AUTH\8810003853
Системный номер авторитетной/нормативной записи 504987
711 12 - НАИМЕНОВАНИЕ ОРГАНИЗАЦИИ - АЛЬТЕРНАТИВНАЯ ОТВЕТСТВЕННОСТЬ
Код отношения Автор
Начальный элемент ввода "Горное оборудование, переработка минерального сырья, новые технологии, экология", симпозиум
Дата проведения временной организации 1996
Место проведения временной организации Санкт-Петербург
Идентификатор авторитетной/нормативной записи RU\NLR\AUTH\8810001604
Системный номер авторитетной/нормативной записи 500397
791 12 - НАИМЕНОВАНИЕ ОРГАНИЗАЦИИ - АЛЬТЕРНАТИВНАЯ ФОРМА
Код отношения Автор
Материалы, к которым относится поле eng
Начальный элемент ввода "Mineral resources of CIS states", international forum
Порядковый номер временной организации и / или порядковый номер ее части 4
Дата проведения временной организации 1996
Место проведения временной организации Saint Petersburg
Графика поля Латинская
Идентификатор авторитетной/нормативной записи RU\NLR\auth\8810001607
Системный номер авторитетной/нормативной записи 500402
801 #0 - ИСТОЧНИК ЗАПИСИ
Страна Российская Федерация
Организация NLR
Дата составления 19981127
Правила каталогизации PSBO
801 #1 - ИСТОЧНИК ЗАПИСИ
Страна Российская Федерация
Организация NLR
Дата составления 19981127
852 ## - МЕСТОНАХОЖДЕНИЕ И ШИФР ХРАНЕНИЯ
Идентификатор организации NLR
Шифр хранения (Call Number) 98-8/1076
942 ## - ДОПОЛНИТЕЛЬНЫЕ ЭЛЕМЕНТЫ ЗАПИСИ (АБИС)
Тип экземпляра АБИС Книга
980 ## - КОЛЛЕКЦИЯ
Название коллекции Национальная библиография
Экземпляры
Тип экземпляра Дата поступления Библиотека постоянного хранения Библиотека текущего хранения Место хранения Шифр хранения Штрих-код Статус экземпляра
Книга 26.10.2013 РНБ (Московский) РНБ (Московский) Русский книжный фонд: издания с 1957 года 98-8/1076 1-3232875